"Κι εγώ μπορώ να είμαι καλή μαμά!" : ψυχική υγεία γονέων και παιδιών

Αποθηκεύτηκε σε:
Λεπτομέρειες βιβλιογραφικής εγγραφής
Κύριος συγγραφέας: Μπίμπου-Νάκου, Ιωάννα
Μορφή: Βιβλίο
Γλώσσα:Greek
Δημοσίευση: Αθήνα : Ελληνικά Γράμματα, 2005.
Θέματα:
Ετικέτες: Προσθήκη ετικέτας
Δεν υπάρχουν, Καταχωρήστε ετικέτα πρώτοι!

MARC

LEADER 00000cam a2200000 i 4500
001 1/57451
008 071009s2005 gr | ||| |||| ||gre||
020 |a 9604420429 
035 |l 10091320 
040 |a GR-MY-UA  |b gre  |e aacr 
041 0 |a gre 
082 7 |a 616.89   |2 (22) 
100 1 |a Μπίμπου-Νάκου, Ιωάννα. 
245 1 0 |a "Κι εγώ μπορώ να είμαι καλή μαμά!" :   |b ψυχική υγεία γονέων και παιδιών /   |c Ιωάννα Μπίμπου-Νάκου.  
260 |a Αθήνα :   |b Ελληνικά Γράμματα,   |c 2005.  
300 |a 174 σ. ;   |c 21 εκ.  
504 |a Βιβλιογραφία: σ. 109-117.  
650 0 0 |a Parenting  |x Psychological aspects. 
650 0 0 |a Patients  |x Psychology. 
650 0 0 |a Clinical health psychology. 
650 0 0 |a Mental health. 
852 |a INST  |b RHODES  |e 20071009  |h 616.89 ΜΠΙ  |p 005400025616  |q 005400025616  |t BK  |y 0 
901 |a BIBL4-2007-3 
909 |a Ρ  |b 136050 
922 |a 4ΕΛΗ  |b 200707  |c ΕΠΕΑΕΚ2/ΤΕΠΑΕΣ  |d Σ. ΠΑΤΑΚΗΣ 
970 |a ΚΟΖΑ  |b ΜΑΡΙΑ  |z 2007/10/09